New Orleans Saints Starting Lineup 2018 - Statistics

General Stats
  • This quiz has been taken 209 times
  • The average score is 16 of 29
Answer Stats
Hint Answer % Correct
RB Alvin Kamara
99%
QB Drew Brees
99%
WR Michael Thomas
97%
RB Mark Ingram
90%
DE Cameron Jordan
77%
CB Marshon Lattimore
77%
Coach Sean Payton
72%
K Will Lutz
68%
ILB Demario Davis
66%
OT Terron Armstead
63%
S Marcus Williams
62%
P Thomas Morstead
61%
WR Ted Ginn Jr.
60%
OT Ryan Ramczyk
50%
OG Andrus Peat
49%
TE Benjamin Watson
45%
C Max Unger
45%
OLB Alex Anzalone
44%
DT Sheldon Rankins
44%
FB Zach Line
43%
S Vonn Bell
39%
OLB Marcus Davenport
35%
DT David Onyemata
33%
LS Zach Wood
32%
OG Larry Warford
30%
CB Patrick Robinson
19%
DE Alex Okafor
17%
ILB Manti Te'o
17%
WR Brandon Coleman
15%
No matching quizzes found
Score Distribution
Percent of People with Each Score
Percentile by Number Answered
Your Score History
You have not taken this quiz